| 000 | 004030000a22001090004500 | ||
|---|---|---|---|
| 090 |
_aAS _bSeriadas |
||
| 245 | 1 | 0 | _aObservaciones sobre aspectos fisiológicos, comportamiento y muda en rapaces colombianas |
| 041 | 0 | _aEspañol | |
| 100 | 1 |
_aTorres Barreto, Alvaro _999199 |
|
| 942 | _cARTICULO | ||
| 773 | 1 |
_tRevista de la Academia Colombiana de Ciencias Exactas, Fisicas y Naturales _332 _h67 _q650-658 _d1990 _g17 |
|
| 999 |
_c14314 _d14314 |
||